Shipwreck saturday / (Record no. 4872)
[ view plain ]
| 000 -LEADER | |
|---|---|
| fixed length control field | 01016nam a22003017a 4500 |
| 001 - CONTROL NUMBER | |
| control field | 4872 |
| 003 - CONTROL NUMBER IDENTIFIER | |
| control field | FISKH |
| 005 - DATE AND TIME OF LATEST TRANSACTION | |
| control field | 20241204153308.0 |
| 008 - FIXED-LENGTH DATA ELEMENTS--GENERAL INFORMATION | |
| fixed length control field | 241022b cb ||||| |||| 00| 0 eng d |
| 020 ## - INTERNATIONAL STANDARD BOOK NUMBER | |
| International Standard Book Number | 9780590956208 |
| 040 ## - CATALOGING SOURCE | |
| Original cataloging agency | FISKH |
| Language of cataloging | eng |
| Transcribing agency | FISKH |
| Modifying agency | FISKH |
| 050 ## - LIBRARY OF CONGRESS CALL NUMBER | |
| Classification number | PZ7.C8185 |
| 082 ## - DEWEY DECIMAL CLASSIFICATION NUMBER | |
| Classification number | 237 |
| 100 ## - MAIN ENTRY--PERSONAL NAME | |
| Personal name | Cosby, Bill |
| Dates associated with a name | (1937-) |
| 245 ## - TITLE STATEMENT | |
| Title | Shipwreck saturday / |
| Statement of responsibility, etc. | by Bill Cosby Illustrated by Varnette P.Honeywood |
| 250 ## - EDITION STATEMENT | |
| Edition statement | This Edition first in 2008 |
| 260 ## - PUBLICATION, DISTRIBUTION, ETC. | |
| Place of publication, distribution, etc. | New York : |
| Name of publisher, distributor, etc. | Scholastic, |
| Date of publication, distribution, etc. | 2008. |
| 300 ## - PHYSICAL DESCRIPTION | |
| Extent | 31 pages : |
| Other physical details | color illustrations ; |
| Dimensions | 23 cm |
| 505 ## - FORMATTED CONTENTS NOTE | |
| Formatted contents note | L<br/> |
| 520 ## - SUMMARY, ETC. | |
| Summary, etc. | Although his brother's friends make fun of it, Little Bill is very proud of the toy boat he has built and very upset when it is wrecked the first time he puts it in the water. |
| 521 8# - TARGET AUDIENCE NOTE | |
| Target audience note | 510L<br/> |
| Source | Lexile<br/> |
| 521 8# - TARGET AUDIENCE NOTE | |
| Target audience note | L<br/> |
| Source | Raz-Plus<br/> |
| 650 ## - SUBJECT ADDED ENTRY--TOPICAL TERM | |
| Source of heading or term | Fiction |
| Topical term or geographic name entry element | Little Bill |
| 650 ## - SUBJECT ADDED ENTRY--TOPICAL TERM | |
| Source of heading or term | Family Members |
| Topical term or geographic name entry element | Friendship |
| 700 ## - ADDED ENTRY--PERSONAL NAME | |
| Personal name | P.Honeywood, Varnette |
| Dates associated with a name | Illustrator |
| 942 ## - ADDED ENTRY ELEMENTS (KOHA) | |
| Source of classification or shelving scheme | Dewey Decimal Classification |
| Koha item type | Books |
| Suppress in OPAC | No |
| Withdrawn status | Lost status | Source of classification or shelving scheme | Damaged status | Not for loan | Collection | Home library | Current library | Shelving location | Date acquired | Total Checkouts | Full call number | Barcode | Date last seen | Copy number | Price effective from | Koha item type |
|---|---|---|---|---|---|---|---|---|---|---|---|---|---|---|---|---|
| Dewey Decimal Classification | Fiction | Footprints International School Library Network Toul Kork Campus | Footprints International School Library Network Toul Kork Campus | TK Primary Library Room(4th Floor), Bookcase 3&4, Shelves 17-32, Yellow Books | 10/22/2024 | VAR 237 PZ7.C8185 | 2024-2188 | 10/22/2024 | 1 | 10/22/2024 | Books |
